WordPerfect for DOS (Record no. 548239)
[ view plain ]
| 000 -LEADER | |
|---|---|
| fixed length control field | 00705cmm a22001817a 4500 |
| 082 ## - DEWEY DECIMAL CLASSIFICATION NUMBER | |
| Classification number | 652.5 |
| Author Mark | WOR |
| 245 10 - TITLE STATEMENT | |
| Title | WordPerfect for DOS |
| 250 ## - EDITION STATEMENT | |
| Edition statement | Version 5.1. |
| 260 ## - PUBLICATION, DISTRIBUTION, ETC. | |
| Place of publication, distribution, etc. | Orem, Utah : |
| Name of publisher, distributor, etc. | WordPerfect, |
| Date of publication, distribution, etc. | c1989. |
| 300 ## - PHYSICAL DESCRIPTION | |
| Extent | 6 floppy disks ; |
| Dimensions | 3 1/2 in. + |
| Accompanying material | 1 reference manual. |
| 500 ## - GENERAL NOTE | |
| General note | Production level cataloging. |
| 500 ## - GENERAL NOTE | |
| General note | Title from reference manual. |
| 520 ## - SUMMARY, ETC. | |
| Summary, etc. | A word-processing program which allows the user to create and format a variety of documents. Also contains holiday, business, education, and leisure packs each pack contain more than 200 images. |
| 526 ## - STUDY PROGRAM INFORMATION NOTE | |
| Program name | 0 |
| Interest level | 0 |
| Reading level | 0 |
| Title point value | 652_500000000000000_WOR |
| 650 #0 - SUBJECT ADDED ENTRY--TOPICAL TERM | |
| Topical term or geographic name entry element | MCE |
| 9 (RLIN) | 379 |
| 650 #0 - SUBJECT ADDED ENTRY--TOPICAL TERM | |
| Topical term or geographic name entry element | Word processing |
| 9 (RLIN) | 36793 |
| 942 ## - ADDED ENTRY ELEMENTS (KOHA) | |
| Source of classification or shelving scheme | |
| Koha item type | Book |
| Withdrawn status | Lost status | Source of classification or shelving scheme | Damaged status | Not for loan | Permanent Location | Current Location | Date acquired | Total Checkouts | Full call number | Barcode | Date last seen | Price effective from | Koha item type |
|---|---|---|---|---|---|---|---|---|---|---|---|---|---|
| Military College of Engineering (MCE) | Military College of Engineering (MCE) | 08/25/2014 | 652.5 WOR | MCE-29806 | 08/25/2014 | 08/25/2014 | Book |
